000 00458pab a2200169 454500
008 180718b2015 xxu||||| |||| 00| 0 eng d
100 _aTiwari, Sanjay
245 _aUnleashing the potential of rural economy: financial inclusion through Jan Dhan Yojana
260 _c2015
300 _ap.22-25.
362 _aAug
650 _aJan Dhan Yojana
650 _aRural development
650 _aRural economy
773 _aKurukshetra
909 _a108562
999 _c108557
_d108557